Pokémon - Ranger-Verzeichnis (Oblivia) - Statistiken

Allgemein
  • Dieses Quiz wurde 13 mal gespielt
  • Das Durchschnittsergebnis liegt bei 203 aus 307
Antwortstatistiken
Nr. Pokémon % Korrekt
R-285 Absol
100%
R-035 Ariados
100%
R-298 Arktos
100%
R-020 Azumarill
100%
R-036 Bamelin
100%
R-016 Bisaflor
100%
R-015 Bisaknosp
100%
R-014 Bisasam
100%
R-130 Blubella
100%
R-037 Bojelin
100%
R-179 Bollterus
100%
R-184 Bronzel
100%
R-185 Bronzong
100%
R-162 Charmian
100%
R-033 Damhirplex
100%
R-291 Ditto
100%
R-232 Driftlon
100%
R-233 Drifzepeli
100%
R-170 Endivie
100%
R-186 Entei
100%
R-211 Flemmli
100%
R-105 Frizelbliz
100%
R-142 Geckarbor
100%
R-144 Gewaldro
100%
R-206 Glumanda
100%
R-208 Glurak
100%
R-207 Glutexo
100%
R-043 Golbat
100%
R-286 Ho-Oh
100%
R-095 Hydropi
100%
R-044 Iksbat
100%
R-092 Impergator
100%
R-085 Impoleon
100%
R-212 Jungglut
100%
R-071 Kanivanha
100%
R-090 Karnimani
100%
R-022 Kingler
100%
R-132 Kinoso
100%
R-050 Koknodon
100%
R-056 Kramshef
100%
R-055 Kramurx
100%
R-058 Lapras
100%
R-278 Latias
100%
R-279 Latios
100%
R-300 Lavados
100%
R-213 Lohgock
100%
R-171 Lorblatt
100%
R-301 Lugia
100%
R-019 Marill
100%
R-172 Meganie
100%
R-098 Mobai
100%
R-099 Mogelbaum
100%
R-096 Moorabbel
100%
R-032 Noctuh
100%
R-196 Panferno
100%
R-194 Panflam
100%
R-195 Panpyro
100%
R-004 Pichu
100%
R-005 Pikachu
100%
R-083 Plinfa
100%
R-084 Pliprin
100%
R-126 Raikou
100%
R-051 Rameidon
100%
R-292 Regigigas
100%
R-143 Reptain
100%
R-163 Shnurgarst
100%
R-053 Skunkapuh
100%
R-054 Skuntank
100%
R-228 Staralili
100%
R-230 Staraptor
100%
R-229 Staravia
100%
R-122 Stolloss
100%
R-121 Stollrak
100%
R-120 Stollunior
100%
R-249 Suicune
100%
R-097 Sumpex
100%
R-155 Togekiss
100%
R-153 Togepi
100%
R-154 Togetic
100%
R-072 Tohaido
100%
R-091 Tyracroc
100%
R-106 Voltenso
100%
R-034 Webarak
100%
R-299 Zapdos
100%
R-030 Zirpeise
100%
R-029 Zirpurze
100%
R-042 Zubat
100%
R-150 Zwirrfinst
100%
R-149 Zwirrklop
100%
R-148 Zwirrlicht
100%
R-065 Aalabyss
67%
R-269 Anorith
67%
R-076 Aquana
67%
S-006 Arceus
67%
R-270 Armaldo
67%
R-138 Bidifas
67%
R-137 Bidiza
67%
R-077 Blitza
67%
R-221 Brutalanda
67%
R-214 Camaub
67%
R-215 Camerupt
67%
R-057 Celebi
67%
R-139 Chelast
67%
R-140 Chelcarain
67%
R-141 Chelterrar
67%
R-218 Despotar
67%
S-004 Dialga
67%
R-220 Draschel
67%
R-128 Duflor
67%
R-115 Elekid
67%
R-116 Elektek
67%
R-117 Elevoltek
67%
R-075 Evoli
67%
R-157 Feurigel
67%
R-040 Fiffyen
67%
R-078 Flamara
67%
R-073 Fluffeluff
67%
R-081 Folipurba
67%
R-136 Galagladi
67%
R-087 Gastrodon
67%
R-048 Georok
67%
R-049 Geowaz
67%
R-129 Giflor
67%
S-003 Giratina
67%
R-082 Glaziola
67%
R-038 Glibunkel
67%
R-135 Guardevoir
67%
R-251 Haspiror
67%
R-284 Hippoterus
67%
R-193 Honweisel
67%
R-031 Hoothoot
67%
R-158 Igelavar
67%
R-271 Kabuto
67%
R-272 Kabutops
67%
R-103 Kapoera
67%
R-101 Kicklee
67%
R-131 Kikugi
67%
R-219 Kindwurm
67%
R-134 Kirlia
67%
R-047 Kleinstein
67%
R-260 Klingplim
67%
R-145 Knospi
67%
R-021 Krabby
67%
R-060 Lampi
67%
R-061 Lanturn
67%
R-216 Larvitar
67%
R-114 Lektrobal
67%
R-174 Lepumentas
67%
R-125 Luxtra
67%
R-189 Magbrant
67%
R-187 Magby
67%
R-188 Magmar
67%
R-041 Magnayen
67%
R-110 Magnetilo
67%
R-111 Magneton
67%
R-112 Magnezone
67%
R-074 Mampfaxo
67%
R-063 Mantax
67%
R-062 Mantirps
67%
R-226 Metagross
67%
R-225 Metang
67%
R-293 Mewtu
67%
R-156 Moterpel
67%
R-127 Myrapla
67%
R-080 Nachtara
67%
R-102 Nockchan
67%
R-275 Octillery
67%
R-025 Pachirisu
67%
R-261 Palimpalim
67%
S-005 Palkia
67%
R-231 Panzaeron
67%
R-024 Pelipper
67%
R-064 Perlu
67%
R-297 Phione
67%
R-240 Pii
67%
R-263 Piondragi
67%
R-262 Pionskora
67%
R-079 Psiana
67%
R-217 Pupitar
67%
R-173 Puppance
67%
R-100 Rabauz
67%
R-006 Raichu
67%
R-274 Remoraid
67%
R-258 Rexblisar
67%
R-146 Roselia
67%
R-147 Roserade
67%
R-066 Saganabyss
67%
R-086 Schalellos
67%
R-178 Schilterus
67%
R-252 Schlapor
67%
S-002 Shaymin
67%
R-257 Shnebedeck
67%
R-107 Skorgla
67%
R-108 Skorgro
67%
R-289 Tangoloss
67%
R-224 Tanhel
67%
R-017 Teddiursa
67%
R-276 Tentacha
67%
R-277 Tentoxa
67%
R-159 Tornupto
67%
R-039 Toxiquak
67%
R-133 Trasla
67%
R-160 Traunfugil
67%
R-161 Traunmagil
67%
R-294 Turtok
67%
R-018 Ursaring
67%
R-238 Venuflibis
67%
R-113 Voltobal
67%
R-168 Vulnona
67%
R-167 Vulpix
67%
R-192 Wadribie
67%
R-023 Wingull
67%
R-227 Wonneira
67%
R-165 Alpollo
33%
R-089 Ambidiffel
33%
R-009 Ampharos
33%
R-273 Baldorfish
33%
R-256 Botogel
33%
R-067 Corasonn
33%
R-242 Dodri
33%
R-210 Donphan
33%
R-052 Dummisel
33%
R-235 Farbeagle
33%
R-151 Felino
33%
R-246 Finneon
33%
R-191 Forstellka
33%
R-288 Frosdedje
33%
R-166 Gengar
33%
R-241 Girafarig
33%
R-237 Granbull
33%
R-088 Griffel
33%
R-198 Hariyama
33%
S-001 Heatran
33%
R-296 Heiteira
33%
R-283 Hippopotas
33%
R-026 Hoppspross
33%
R-027 Hubelupf
33%
R-267 Hundemon
33%
R-266 Hunduster
33%
R-245 Kappalores
33%
R-199 Kaumalat
33%
R-281 Keifel
33%
R-201 Knakrack
33%
R-200 Knarksel
33%
R-259 Kussilla
33%
R-268 Laschoking
33%
R-094 Ledian
33%
R-093 Ledyba
33%
R-059 Liebiskus
33%
R-244 Lombrero
33%
R-243 Loturzel
33%
R-265 Lucario
33%
R-247 Lumineon
33%
R-124 Luxio
33%
R-197 Makuhita
33%
R-282 Mamutel
33%
R-182 Menki
33%
R-152 Morlord
33%
R-175 Natu
33%
R-164 Nebulak
33%
R-169 Pantimimi
33%
R-028 Papungha
33%
R-209 Phanpy
33%
R-234 Plaudagei
33%
R-118 Porygon2
33%
R-119 Porygon-Z
33%
R-109 Pottrott
33%
R-239 Quaxo
33%
R-280 Quiekel
33%
R-183 Rasaff
33%
R-248 Relicanth
33%
R-287 Rihornior
33%
R-264 Riolu
33%
R-181 Sandamer
33%
R-180 Sandan
33%
R-223 Scherox
33%
R-250 Schlurplek
33%
R-070 Seedraking
33%
R-254 Seejong
33%
R-069 Seemon
33%
R-253 Seemops
33%
R-068 Seeper
33%
R-123 Sheinux
33%
R-222 Sichlor
33%
R-295 Skaraborn
33%
R-046 Smogmog
33%
R-045 Smogon
33%
R-203 Snibunna
33%
R-202 Sniebel
33%
R-236 Snubbull
33%
R-011 Sonnflora
33%
R-010 Sonnkern
33%
R-190 Tannza
33%
R-002 Tauboga
33%
R-003 Tauboss
33%
R-001 Taubsi
33%
R-007 Voltilamm
33%
R-290 Voluminas
33%
R-008 Waaty
33%
R-255 Walraisa
33%
R-013 Wiesenior
33%
R-012 Wiesor
33%
R-104 Woingenau
33%
R-176 Xatu
33%
R-204 Yanma
33%
R-205 Yanmega
33%
R-177 Zobiris
33%
Keine übereinstimmenden Quizze gefunden
Verteilung der Resultate
Anzahl Personen mit jedem Resultat
Perzentil nach korrekt beantworteten Fragen
Ihre Resultats-Entwicklung
Sie haben dieses Quiz noch nicht gespielt